000 00478nam a2200157 i 4500
001 69331
003 ES-MaACL
005 20230906170508.0
007 t|
008 040705s1973 sp ||||1| spa d
100 1 _aGarcía Barquero, Juan Antonio.
_954229
245 1 0 _aAproximaciones al teatro clásico español /
_cJuan Antonio García Barquero.
260 _aSevilla :
_bUniversidad de Sevilla,
_c1973.
300 _a223 p. ;
_c19 cm.
852 _aES-MaACL
_jC-53066
_bR.85518
999 _c69331
_d69331